| 000 | 00802nam a2200241 a 4500 | ||
|---|---|---|---|
| 001 | 69304 | ||
| 003 | BD-RjUL | ||
| 005 | 20211209081853.0 | ||
| 008 | 720104s1968 ilua b 001 0 eng d | ||
| 035 | _a(BD-RjUL)69515 | ||
| 040 |
_aDLC _cWIT _dMCL _dPIT _dUKM _dBD-RjUL _beng |
||
| 041 | _aeng | ||
| 082 | 0 | 4 |
_223 _a566 _bRON 1968 |
| 100 | 1 |
_aRomer, Alfred Sherwood, _d1894-1973 . _9162138 |
|
| 245 | 1 | 0 |
_aNotes and comments on vertebrate paleontology / _cAlfred Sherwood Romer. |
| 260 |
_aChicago : _bUniversity of Chicago Press, _c1968. |
||
| 300 |
_aviii, 304 p. : _bill. ; _c22 cm. |
||
| 504 | _aIncludes bibliographical references (p. 254-281) and index. | ||
| 650 | 0 |
_aVertebrates, Fossil. _9159159 |
|
| 650 | 0 |
_aVertebrates _xAnatomy. _9205325 |
|
| 650 | 0 |
_aPaleontology. _9205326 |
|
| 942 |
_2ddc _cBK |
||
| 999 |
_c69304 _d69304 |
||